Game of Thrones Characters by Picture #1 - Statistics

General Stats
  • This quiz has been taken 462 times
  • The average score is 16 of 20
Answer Stats
Picture Answer % Correct
Jon Snow - Aegon Targaryen
99%
Arya Stark
90%
Sansa Stark
90%
Jaime Lannister
89%
Tyrion Lannister
86%
Brienne of Tarth
85%
Eddard Stark - 'Ned'
85%
Petyr Baelish - 'Littlefinger'
85%
Theon Greyjoy
85%
Cersei Lannister
84%
Joffrey Baratheon
82%
Brandon Stark - 'Bran'
80%
Samwell Tarly - 'Sam'
79%
Sandor Clegane - 'The Hound'
77%
Daenerys Targaryen
76%
Grey Worm
76%
Varys - 'The Spider'
75%
Melisandre
74%
Missandei
68%
Euron Greyjoy
60%
No matching quizzes found
Score Distribution
Percent of People with Each Score
Percentile by Number Answered
Your Score History
You have not taken this quiz